000 00647nam a2200193Ia 4500
003 GCL
008 140319s9999 xx 000 0 ara d
040 _aGCL /
_cGCL
082 0 4 _aق
_b916.2
_bع خ
100 1 _aعصمت عاشور احمد ابوالعلا
245 1 0 _aالخريطة القومية المقترحة لجمهورية مصر العربية لسنة 2020 /
_cعصمت عاشور احمد ابوالعلا
300 _a63 ص
490 _aالهيئة العامة للاستعلامات
_v0
650 0 4 _aمصر
650 0 4 _aالجغرافيا
650 0 4 _aالخرائط
650 0 4 _aالاطالس
942 _2ddc
_cBK
999 _c49623
_d49623